| 000 | 00381nam a2200157Ia 4500 | ||
|---|---|---|---|
| 008 | 220214s9999 xx 000 0 und d | ||
| 100 | _aBi Tra Tie | ||
| 245 | 0 | _aStudy of the soils of plots of Hevea in lower Ivory Coast | |
| 260 | _bCaout et Plast | ||
| 300 | _a35-36 | ||
| 650 | _aHevea | ||
| 650 | _aIvory Coast | ||
| 650 | _aSoil | ||
| 700 | _aOmont Hubert | ||
| 942 | _cRE | ||
| 999 |
_c45340 _d45340 |
||